000 00438cam a2200157ua 4500
020 _a1-0987-65432-1
041 _aeng
_h
082 _a543.0892
_bKIY/CH
100 _aJinno, Kiyokatsu .
245 _aChronomatographic seperations based on molecular recognition /
_cKiyokatsu Jinno.
_hTextual Documents
260 _aNew Delhi :
_bWiley Eastern Ltd ,
_c1997.
300 _a426 ; .
504 _a
942 _cBK
999 _c10731
_d10731